00429nam a2200169Ia 4500003000400000005001700004008004100021020001800062050002600080100002000106245004400126260003500170300003300205440000600238521000700244526000800251OSt20140314131426.0140130s9999 xx 000 0 und d a9780590464017 aQL 737.S63b.M38 1994 aMcNulty, Faith  aDancing With Manatees /cFaith McNulty. bScholastic,c1994.aNew York : a30 p. :bcol. ill. ;c24 cm. v1 aG4 c690